| Поле | Название | Значение |
| |
Тип записи |
a |
| |
Библиографический уровень |
m |
| 001 |
Контрольный номер |
LIBNET\0000559576 |
| 005 |
Дата корректировки |
20251110085804.6 |
| 010 |
Индекс ISBN |
__ |
| a |
ISBN |
978-5-9614-5397-3 |
| d |
Цена |
383-20 |
| 100 |
Данные общей обработки |
__ |
| a |
Данные общей обработки |
19150611d20 |||y0rusy0189 ca |
| 101 |
Язык документа |
0_ |
| a |
Язык текста |
rus |
| c |
Язык оригинала |
eng |
| 102 |
Страна публикации |
__ |
| a |
Страна публикации |
RU |
| 102 |
Страна публикации |
__ |
| a |
Страна публикации |
RU |
| 105 |
Кодированные данные (монография) |
__ |
| a |
Кодированные данные (монография) |
a z ||0zy |
| 200 |
Заглавие и сведения об ответственности |
1_ |
| a |
Заглавие |
Человек уставший |
| e |
Сведения, относящиеся к заглавию |
как победить хроническую усталость и вернуть себе силы, энергию и радость жизни |
| f |
Первые сведения об ответственности |
Сохэр Рокед ; пер. с англ. [Ирина Матвеева] |
| 200 |
Заглавие и сведения об ответственности |
1_ |
| d |
Параллельное заглавие |
The tiredness cure |
| 205 |
Сведения об издании |
__ |
| a |
Основные сведения об издании |
2-е изд. |
| 210 |
Выходные данные |
1_ |
| a |
Место издания |
Москва |
| c |
Издательство |
Альпина Паблишер |
| d |
Дата издания |
2016 |
| 215 |
Физическое описание |
__ |
| a |
Объем |
276, [1] с. |
| c |
Иллюстрации/тип воспроизводства |
ил. |
| 300 |
Общие примечания |
__ |
| a |
Общие примечания |
Об авт.: с. 269 |
| 320 |
Библиография |
__ |
| a |
Библиография |
Библиография в примечании: с.271-277 |
| 330 |
Аннотация |
__ |
| a |
Аннотация |
Рассказано о причинах хронической усталости и дана пошаговая стратегия избавления от нее. Также автор делится с нами рецептами вкусных и полезных блюд, насыщающих энергией, простой и эффективной гимнастикой на основе йоги и интересными тестами, помогающими определить, насколько вы утомлены. |
| 333 |
Примечание о целевом назначении |
__ |
| a |
Примечание о целевом назначении |
16+ |
| 606 |
Тематические рубрики |
__ |
| a |
Основная рубрика |
Здравоохранение. Медицинские науки |
| 606 |
Тематические рубрики |
__ |
| a |
Основная рубрика |
Личная гигиена |
| 606 |
Тематические рубрики |
__ |
| a |
Основная рубрика |
Гигиена питания |
| 610 |
Ключевые слова |
0_ |
| a |
Ключевые слова |
утомление |
| 610 |
Ключевые слова |
0_ |
| a |
Ключевые слова |
питание рациональное |
| 610 |
Ключевые слова |
0_ |
| a |
Ключевые слова |
здоровый образ жизни |
| 610 |
Ключевые слова |
0_ |
| a |
Ключевые слова |
усталость хроническая |
| 610 |
Ключевые слова |
0_ |
| a |
Ключевые слова |
стрессы |
| 610 |
Ключевые слова |
0_ |
| a |
Ключевые слова |
железодефицитная анемия |
| 610 |
Ключевые слова |
0_ |
| a |
Ключевые слова |
апноэ |
| 610 |
Ключевые слова |
0_ |
| a |
Ключевые слова |
целиакия |
| 610 |
Ключевые слова |
0_ |
| a |
Ключевые слова |
медицинские причины усталости |
| 610 |
Ключевые слова |
0_ |
| a |
Ключевые слова |
синдром хронической усталости |
| 686 |
Индексы других классификаций |
__ |
| 2 |
Код системы |
rubbk |
| a |
Индекс ББК |
51.204.0 |
| 686 |
Индексы других классификаций |
__ |
| a |
Индекс ББК |
51.230 |
| 700 |
Автор |
_1 |
| a |
Фамилия |
Рокед |
| b |
Имя |
С. |
| g |
Полное личное имя |
Сохэр |
| 801 |
Источник записи |
_0 |
| a |
Страна |
RU |
| b |
Организация |
ЦУНБ Москва |
| c |
Дата составления |
20150611 |
| g |
Правила каталогизации |
rcr |
| 801 |
Источник записи |
_1 |
| a |
Страна |
RU |
| b |
Организация |
ЦУНБ Москва |
| c |
Дата составления |
20150611 |
| 801 |
Источник записи |
_2 |
| a |
Страна |
RU |
| b |
Организация |
Центральная районная библиотека им. Г. А. Пирожникова |
| c |
Дата составления |
20150611 |
| 852 |
Данные о местонахождении |
__ |
| j |
Шифр хранения |
51.204.0 |
| i |
Авторский знак |
Р 66 |
| b |
Сигла хранения |
ООЧ; 8 |
| 902 |
Роль лиц |
__ |
| a |
Создатель БЗ |
ОКиО/Кашаева |
| 990 |
Данные о заказе (DOS) |
__ |
| j |
Количество экземпляров (DOS) |
2 |
| h |
N записи в КСУ для Б/У (DOS) |
2016-13 |